Economics,Principles and Policy (Record no. 15721)

MARC details
000 -LEADER
fixed length control field 00543nam a22001937a 4500
001 - CONTROL NUMBER
control field MUT
003 - CONTROL NUMBER IDENTIFIER
control field MUT
005 - DATE AND TIME OF LATEST TRANSACTION
control field 20240606081341.0
008 - FIXED-LENGTH DATA ELEMENTS--GENERAL INFORMATION
fixed length control field 180221b xxu||||| |||| 00| 0 eng d
020 ## - INTERNATIONAL STANDARD BOOK NUMBER
International Standard Book Number 0774730420
040 ## - CATALOGING SOURCE
Transcribing agency MUT
050 ## - LIBRARY OF CONGRESS CALL NUMBER
Classification number HB 171.5
Item number .B32 1985
100 ## - MAIN ENTRY--PERSONAL NAME
Personal name Baumol, William J.
245 ## - TITLE STATEMENT
Title Economics,Principles and Policy
260 ## - PUBLICATION, DISTRIBUTION, ETC.
Place of publication, distribution, etc. Ontario
Name of publisher, distributor, etc. Academic press Canada
Date of publication, distribution, etc. 1985
650 ## - SUBJECT ADDED ENTRY--TOPICAL TERM
Topical term or geographic name entry element Economics
700 ## - ADDED ENTRY--PERSONAL NAME
Personal name Alan S. Blinder ,William M. Scarth
942 ## - ADDED ENTRY ELEMENTS (KOHA)
Source of classification or shelving scheme Library of Congress Classification
Koha item type Books
Holdings
Withdrawn status Lost status Source of classification or shelving scheme Damaged status Not for loan Home library Current library Shelving location Date acquired Source of acquisition Total checkouts Full call number Barcode Date last seen Price effective from Koha item type
    Library of Congress Classification     Murang'a University of Technology Library Murang'a University of Technology Library General stacks 21/02/2018 Donation-TFC   HB 171.5 .B32 1985 019319 30/08/2024 21/02/2018 Books